Road Traffic Legislation / (Record no. 749)

MARC details
000 -LEADER
fixed length control field 00528nam a22001817a 4500
005 - DATE AND TIME OF INPUT
control field 20231117063321.0
008 - DATA ELEMENTS--GENERAL INFORMATION
fixed length control field 231117b |||||||| |||| 00| 0 eng d
020 ## - INTERNATIONAL STANDARD BOOK NUMBER
International Standard Book Number 0702124303
041 ## - LANGUAGE CODE
Language code of text English
082 ## - SHELF NUMBER
DDC number 343.9 COO
100 ## - MAIN AUTHOR
Main author's name Cooper, WE
Language of a work English
245 ## - TITLE STATEMENT
Title Road Traffic Legislation /
Statement of responsibility, etc. WE Cooper
250 ## - EDITION STATEMENT
Sub-title of edition statement First Edition
260 ## - PUBLICATION, DISTRIBUTION, ETC.
Place of publication, distribution, etc. Cape Town :
Name of publisher, distributor, etc. Juta and Company Ltd,
Date of publication, distribution, etc. 1990
300 ## - PHYSICAL DESCRIPTION
Other physical details viii, 189 pages ;
Dimensions 27 cm.
650 ## - SUBJECT`
Broad subject Legal practice
Own subject terms Law
942 ## - ADDED ENTRY ELEMENTS (KOHA)
Item type Books
942 ## - ADDED ENTRY ELEMENTS (KOHA)
-- ALISON_BN_VRIES
Holdings
Source of classification or shelving scheme Volume number (bound volume or other part) Not for loan Collection code Home library Current library Shelving location Date acquired Full call number Barcode Price effective from Koha item type
Dewey Decimal Classification Volume One Act   TEXT BOOKS LAW SOCIETY OF NAMIBIA LIBRARY - WINDHOEK LAW SOCIETY OF NAMIBIA LIBRARY - WINDHOEK Shipping law 11/17/2023 343.9 COO LSN/1992/12 11/17/2023 Books
Dewey Decimal Classification Volume Two Regulations   TEXT BOOKS LAW SOCIETY OF NAMIBIA LIBRARY - WINDHOEK LAW SOCIETY OF NAMIBIA LIBRARY - WINDHOEK Shipping law 11/17/2023 343.9 COO LSN/1990/24 11/17/2023 Books